Statistics for NHL Team Logo Quiz

Click here to take the quiz!

General Stats

  • This quiz has been taken 130 times
  • The average score is 26 of 32

Answer Stats

Answer% Correct
Boston Bruins
91%
Pittsburgh Penguins
89%
New Jersey Devils
88%
Anaheim Ducks
87%
Dallas Stars
87%
Florida Panthers
87%
Los Angeles Kings
87%
New York Rangers
87%
San Jose Sharks
87%
Calgary Flames
85%
Carolina Hurricanes
85%
Colorado Avalanche
85%
Edmonton Oilers
85%
Arizona Coyotes
84%
Washington Capitals
84%
Chicago Blackhawks
83%
Detroit Red Wings
83%
Philadelphia Flyers
83%
Toronto Maple Leafs
83%
Tampa Bay Lightning
82%
New York Islanders
81%
Seattle Kraken
80%
St Louis Blues
80%
Winnipeg Jets
79%
Nashville Predators
78%
Minnesota Wild
77%
Ottawa Senators
77%
Vegas Golden Knights
77%
Buffalo Sabres
76%
Montreal Canadiens
73%
Vancouver Canucks
73%
Columbus Blue Jackets
71%

Score Distribution

Percentile by Number Answered

Percent of People with Each Score

Your Score History

You have not taken this quiz